MARC

LEADER 00000nam0a2200000 4500
001 376351
005 20240827063212.0
010 |b 500 экз. 
035 |a (RuTPU)RU\TPU\retro\33791 
035 |a RU\TPU\book\311205 
090 |a 376351 
100 |a 20221222d1927 km y0rusy50 ca 
101 0 |a rus 
102 |a RU 
105 |a c z 001zb 
200 1 |a Владимир Афанасьевич Обручев. К сорокалетию научной деятельности  |e [оттиск статьи]  |f А. А. Чернов 
210 |a Москва  |d 1927 
215 |a 20 с.  |c портр. 
225 1 |a Дешевая библиотека журнала "Северная Азия"  |v № 2 
320 |a Библиогр.: с. 14-20 
600 1 |a Обручев  |b В. А.  |c российский геолог  |c профессор Томского технологического института  |c исследователь Сибири, Центральной и Средней Азии  |c географ  |f 1863-1956  |g Владимир Афанасьевич  |y Томск  |7 ca  |8 rus  |2 stltpush  |3 (RuTPU)RU\TPU\pers\996  |9 441 
606 1 |a Геологи  |x Персоналии  |2 stltpush  |3 (RuTPU)RU\TPU\subj\67544  |9 83301 
610 1 |a геологи 
610 1 |a геологи-политехники 
610 1 |a русские ученые 
610 1 |a биография 
610 1 |a профессора ТТИ 
610 1 |a коллекция В. А. Обручева 
675 |a 55(092)  |v 3 
700 1 |a Чернов  |b А. А.  |c российский геолог  |f 1877-1963  |g Александр Александрович  |2 stltpush  |3 (RuTPU)RU\TPU\pers\11464  |9 2658 
801 1 |a RU  |b 63413507  |c 20150310 
801 2 |a RU  |b 63413507  |c 20221222  |g RCR 
942 |c BK